000 00210nam a22000857a 4500
008 161124b xxu||||| |||| 00| 0 eng d
100 _91381
_aMorais.P
245 _aThe Curiosity
260 _aNew Delhi
_bBPI India
_c2011
999 _c4097
_d4097